000 00763nam a2200241 i 4500
003 IT-RoINE
005 20180209073005.0
008 880908s1985 sp r 001 |dspa d
020 _a8486459001
040 _aIBH
_bspa
_cSpMaBN IT-RoINE
_dIT-RoINE
100 1 _aArias, Juan,
_d1932-
_935135
245 1 3 _aEl enigma Wojtyla /
_cJuan Arias ; prólogo de Leonardo Sciascia.
260 _aMadrid :
_bEl País,
_c1985.
300 _a413 p.
_c20 cm.
336 _2rdacontent
_atext
337 _2rdamedia
_aunmediated
338 _2rdacarrier
_avolume
490 1 _aA cinco columnas ;
_v7
600 0 4 _aJuan Pablo
_bII,
_cPapa, Santo,
_92834
_d1920-2005
700 1 _aSciascia, Leonardo,
_d1921-1989
_944371
830 0 _aA cinco columnas ;
_944372
_v7
942 _cMTS
999 _c22500
_d22500